000 00931nas a2200313 4500
001 BR0901210
003 BR-BrBNA
005 20231205113152.0
007 ta
008 230509b bl.|||p| |||| 00| 00por d
040 _aBR-BrBNA
_bpor
_cBiblioteca Nacional de Agricultura
041 _a(Pt)
072 _aF60
100 1 _aSchenato, P.G.
100 1 _aMelo, G.W.
100 1 _aSantos, H.P. dos
100 1 _aFialho, F.B.
100 1 _aFurlanetto, V.
100 1 _aBrunetto, G.
100 1 _aDorneles, L.T.
245 1 _aInfluência do etefon na distribuição de nutrientes e carboidratos e sobre o crescimento em videiras jovens
650 _aETEFON
650 _aNUTRIENTE
650 _aCARBOIDRATO
650 _aUVA
773 0 _tRevista Brasileira de Fruticultura (Brazil)
_xISSN 0100-2945
_g(Aug 2007), v. 29(2) p. 217-221
_wBR0901210
909 _a202311
_bLúcia
_c55
_dLúcia Elande
942 _2AGRIS
_n0
_cANA
999 _c202252
_d202252